Statistics for NHL EVERY 1st OVERALL PICK SINCE 2000

Click here to take the quiz!

General Stats

  • This quiz has been taken 22 times
  • The average score is 21 of 24

Answer Stats

HintAnswer% Correct
2016 Toronto Maple LeafsAuston Matthews
100%
2015 Edmonton OilersConnor McDavid
100%
2019 New Jersey DevilsJack Hughes
100%
2013 Colorado AvalancheNathan MacKinnon
100%
2007 Chicago BlackhawksPatrick Kane
100%
2005 Pittsburgh PenguinsSidney Crosby
100%
2004 Washington CapitalsAlex Ovechkin
95%
2023 Chicago BlackhawksConnor Bedard
95%
2011 Edmonton OilersRyan Nugent-Hopkins
95%
2018 Buffalo SabresRasmus Dahlin
90%
2008 Tampa Bay LightningSteven Stamkos
90%
2010 Edmonton OilersTaylor Hall
90%
2020 New York RangersAlexis Lafrenière
86%
2009 New York IslandersJohn Tavares
86%
2022 Montréal CanadiensJuraj Slafkovsky
86%
2017 New Jersey DevilsNico Hischier
86%
2021 Buffalo SabresOwen Power
81%
2014 Florida PanthersAaron Ekblad
76%
2001 Atlanta ThrashersIlya Kovalchuk
76%
2003 Pittsburgh PenguinsMarc-Andre Fleury
76%
2012 Edmonton OilersNail Yakupov
76%
2002 Columbus Blue JacketsRick Nash
67%
2000 New York IslandersRick DiPietro
62%
2006 St. Louis BluesErik Johnson
57%

Score Distribution

Percentile by Number Answered

Percent of People with Each Score

Your Score History

You have not taken this quiz